Get the Picture: Avengers Movies Quiz Stats

 Plays Quiz Updated Jun 27, 2019

Score 0/24 Timer 04:00
11 Plays Today
Question Answer Wrong Answers
Year of Release
2019
Avengers: Endgame
89.2%
The Avengers
1.1%
Avengers: Age of Ultron
0.7%
Avengers: Infinity War
2.5%
Year of Release
2018
Avengers: Infinity War
87.3%
The Avengers
1.2%
Avengers: Age of Ultron
1.4%
Avengers: Endgame
3.5%
Notable Death
Tony Stark
Avengers: Endgame
85.9%
The Avengers
4.4%
Avengers: Age of Ultron
1.1%
Avengers: Infinity War
2.2%
Memorable Moment
The Vision is created
Avengers: Age of Ultron
85.5%
The Avengers
4.1%
Avengers: Infinity War
2.7%
Avengers: Endgame
1.2%
Year of Release
2015
Avengers: Age of Ultron
84.6%
The Avengers
5.7%
Avengers: Infinity War
2.2%
Avengers: Endgame
0.8%
Year of Release
2012
The Avengers
84.1%
Avengers: Age of Ultron
7.6%
Avengers: Infinity War
0.8%
Avengers: Endgame
0.7%
Memorable Moment
Loki is beaten into submission by the Hulk
The Avengers
83.6%
Avengers: Age of Ultron
6.5%
Avengers: Infinity War
2.1%
Avengers: Endgame
1%
Notable Death
Gamora
Avengers: Infinity War
83.2%
The Avengers
1.4%
Avengers: Age of Ultron
1.3%
Avengers: Endgame
7.8%
Memorable Moment
Captain America wields Mjolnir
Avengers: Endgame
82.5%
The Avengers
2.4%
Avengers: Age of Ultron
5.1%
Avengers: Infinity War
3.5%
Notable Death
Pietro Maximoff
Avengers: Age of Ultron
81.6%
The Avengers
4.4%
Avengers: Infinity War
4.8%
Avengers: Endgame
2.5%
Memorable Quote
'You should have gone for the head.'
Avengers: Infinity War
81.4%
The Avengers
2.6%
Avengers: Age of Ultron
3.1%
Avengers: Endgame
6.1%
Debut Movie for Character
Morgan Stark
Avengers: Endgame
81.4%
The Avengers
4%
Avengers: Age of Ultron
4.3%
Avengers: Infinity War
3.9%
Post Credits Scene
Nick Fury pages Captain Marvel
Avengers: Infinity War
81.2%
The Avengers
2.5%
Avengers: Age of Ultron
3%
Avengers: Endgame
6.8%
Post Credits Scene
None
Avengers: Endgame
81%
The Avengers
4.2%
Avengers: Age of Ultron
3.1%
Avengers: Infinity War
5.2%
Post Credits Scene
Avengers eat Shawarma
The Avengers
79.8%
Avengers: Age of Ultron
8.2%
Avengers: Infinity War
3.1%
Avengers: Endgame
2.3%
Memorable Moment
Stormbreaker is forged on Nidavellir
Avengers: Infinity War
79.4%
The Avengers
3%
Avengers: Age of Ultron
4.8%
Avengers: Endgame
5.9%
Notable Death
Phil Coulson
The Avengers
78.3%
Avengers: Age of Ultron
9.4%
Avengers: Infinity War
3.8%
Avengers: Endgame
1.9%
Memorable Quote
'I had strings, but now I'm free. There are no strings on me...'
Avengers: Age of Ultron
73.5%
The Avengers
6.7%
Avengers: Infinity War
7.8%
Avengers: Endgame
5%
Debut Movie for Character
Maria Hill
The Avengers
72.3%
Avengers: Age of Ultron
12%
Avengers: Infinity War
5.6%
Avengers: Endgame
3.3%
Debut Movie for Character
Ulysses Klaue
Avengers: Age of Ultron
70.9%
The Avengers
7.8%
Avengers: Infinity War
10.4%
Avengers: Endgame
4%
Memorable Quote
'Whatever it takes.'
Avengers: Endgame
69.1%
The Avengers
6.3%
Avengers: Age of Ultron
8%
Avengers: Infinity War
10%
Debut Movie for Character
Eitri
Avengers: Infinity War
61.4%
The Avengers
8.3%
Avengers: Age of Ultron
16.2%
Avengers: Endgame
7.1%
Memorable Quote
'If we can't protect the Earth, you can be damn sure we'll avenge it!'
The Avengers
60.8%
Avengers: Age of Ultron
12.5%
Avengers: Infinity War
9.4%
Avengers: Endgame
10.7%
Post Credits Scene
Thanos puts on his gauntlet
Avengers: Age of Ultron
47.1%
The Avengers
8.8%
Avengers: Infinity War
35.6%
Avengers: Endgame
2.3%

Today's Daily Dose

Word Ladder
Lean on Me

Get the Picture
Superhero by Villain

You're not logged in!

Compare scores with friends on all Sporcle quizzes.
OR
Log In

Sporcle TV

Today on Sporcle TV


Watch our educational content, quiz creation guides, and fun videos on Sporcle TV.

Show Comments

Extras

Top Quizzes Today


Score Distribution

Your Account Isn't Verified!

In order to create a playlist on Sporcle, you need to verify the email address you used during registration. Go to your Sporcle Settings to finish the process.

Report this User

Report this user for behavior that violates our Community Guidelines.

Details: